A new english grammar for spanish speakers
Saved in:
| Main Authors: | , , |
|---|---|
| Format: | Bog |
| Sprog: | engelsk |
| Udgivet: |
Granada
Comares
1999
|
| Serier: | Colección Estudios de Lengua Inglesa, 2
|
| Fag: | |
| Tags: |
Tilføj Tag
Ingen Tags, Vær først til at tagge denne postø!
|
MARC
| LEADER | 00000nam a2200000 a 4500 | ||
|---|---|---|---|
| 001 | UCP9554 | ||
| 003 | CL-VaPUC | ||
| 008 | 000331e19990000SP |||||||||||||||||eng|d | ||
| 082 | 0 | 4 | |a 425 |b SAN |2 21 |
| 100 | 0 | |a Sánchez Benedito, Francisco |e author |9 440184 | |
| 700 | 0 | |a Lavín, Enrique |e author |9 440185 | |
| 700 | 0 | |a Dawson, A. S |e author |9 440186 | |
| 245 | 1 | 2 | |a A new english grammar for spanish speakers |
| 300 | |a 630 p | ||
| 942 | |c BK | ||
| 945 | |d 20000331 00:00:00 |a rbrito | ||
| 260 | |a Granada |b Comares |c 1999 | ||
| 650 | 0 | |a Inglés |9 260023 | |
| 650 | 0 | |a Gramática |9 270497 | |
| 650 | 0 | |a Gramática inglesa |9 392981 | |
| 650 | 0 | |a Comprensión |9 339377 | |
| 583 | |a last modification |c 20000331 00:00:00 |k Rodrigo Vera | ||
| 490 | 0 | |a Colección Estudios de Lengua Inglesa, 2 | |
| 999 | |c 286358 |d 286356 | ||
| 952 | |0 0 |1 0 |4 0 |6 425_000000000000000_SAN_1999 |7 0 |8 A |9 332143 |a BIBEDU |b BIBEDU |d 2019-11-20 |i 3603938 |o 425 SAN 1999 |p 3603938 |r 2019-11-20 |w 2019-11-20 |y BK |k CIT | ||
| 952 | |0 0 |1 0 |4 0 |6 425_000000000000000_SAN_1999 |7 0 |8 A |9 332144 |a BIBEDU |b BIBEDU |d 2019-11-20 |i 3603946 |o 425 SAN 1999 |p 3603946 |r 2019-11-20 |w 2019-11-20 |y BK |k CIT | ||